| 000 | 00397cam a2200157ua 4500 | ||
|---|---|---|---|
| 020 | _a9780852268780 | ||
| 082 |
_a576 _bTAU/IN |
||
| 100 | _aTauro, P . | ||
| 245 | _aIntroduction to microbiology / | ||
| 250 | _a1 / | ||
| 260 |
_aNew Delhi : _bNew Age International (P) Limited, Publishers _c1986. |
||
| 300 | _a412 ; . | ||
| 700 | 1 | _aKapoor, K K . | |
| 700 | 1 | _aYadav, K S . | |
| 942 | _cBK | ||
| 999 |
_c10686 _d10686 |
||